000 00655nam a2200253Ia 4500
003 OSt
005 20221005055933.0
006 a|||||r|||| 00| 0
007 ta
008 221004b |||||||| |||| 00| 0 eng d
024 _a30165
037 _cTextual
040 _aCRL
_cCRL
_beng
041 _2eng
_aeng
082 _aLX5k, M2
100 _aReynolds James E F Ed
_9599198
245 0 _aMartindale
_b The extra pharmacopoeia
250 _a28th
260 _aLondon
_bPharmaoeutical
_c1982
300 _a2024p
_ccm.
650 _aMEDICINE
942 _hLX5k, M2
_cTEXL
_2cc
999 _c965906
_d965906